000 00740nam a2200229 a 4500
008
020 _a9241544805 (hbk. )
049 _aMAIN
090 _aTD215
100 _aWorld Health Organization.
245 1 0 _aGuidelines for drinking-water quality.
_nVolume 2. Health criteria and other supporting information /
_c World Health Organization.
250 _a 2nd ed.
260 _aGeneva :
_bWorld Health organization,
_c1996
300 _axvi, 973 p. :
_bill. ;
_c25 cm.
504 _aIncudes bibliographical references.
500 _aIncludes index.
907 _a.b10143610
_b17-12-04
_c14-12-04
003
005 20230123133859.0
040 _cNUST
942 _cBOOKS
_kTD215
999 _c156222
_d156222